Kim jesteś - Statystyki

Ogólne statystyki
  • Ten quiz został rozwiązany 445 razy
    39 od ostatniego zresetowania
  • Średni wynik to 5 z 6
Statystyki odpowiedzi
Kim jesteś % Poprawnych
O
89%
S
89%
K
86%
K
86%
M
86%
E
81%
Nie znaleziono quizów pasujących do podanych kryteriów
Rozkład punktacji
Procent ludzi z każdym wynikiem
Percentyl według liczby udzielonych odpowiedzi
Twoja historia wyników
Nie rozwiązałeś tego quizu od ostatniego zresetowania